000 01194naa a22003257a 4500
001 BR7807610
003 BR-BrBNA
005 20240918174257.0
007 ta
008 230509b bl.||||| |||| 00| 0 por d
040 _aBR-BrBNA
_bpor
_cBiblioteca Nacional de Agricultura
041 _a(Pt)
072 _aQ10; Q20; C00
_b9000
090 _aQ10 BR7807610
100 1 _aMartucci, E.T.
111 1 _a1. Simposio Nacional de Alimentacao e Nutricao
_cBrasilia, DF (Brazil)
_d13-16 Aug 1978
245 1 _aA educacao como base de seguranca nos alimentos [preservacao de alimento]
260 3 _aBrasilia, DF (Brasil):
_c1978.
500 _a1. Simposio Nacional de Alimentacao e Nutricao - PRONUTRAL Brasilia, DF (Brasil): 1978. p. 476-481 (BR7807610-AM)Q10
650 _aALIMENTO
650 _aEDUCACAO
650 _aHIGIENE DE ALIMENTO
650 _aPRESERVACAO DE ALIMENTO
650 _aCONTAMINACAO BACTERIANA
650 _aCONTAMINACAO FUNGICA
650 _aANALISE ORGANOLEPTICA
773 0 _t1. Simposio Nacional de Alimentacao e Nutricao - PRONUTRAL
_wQ10 BR7807610
_gBrasilia, DF (Brasil), 1978. p. 476-481
909 _a202404
_bLucia
_c55
_dLucia Elande
942 _cAM
_2AGRIS
999 _c310058
_d310058